000 00702nam a22002057a 4500
005 20240530110958.0
008 221204s2008 au a f b 000 0 eng d
017 _a2006/8/2901
040 _aEG-CaGPL
_cEG-CaGPL
082 0 4 _221
_a673.2
_bف م
100 0 _aفراس حمزة بامية
245 1 0 _aميكانيكا تشكيل الصفائح المعدنية /
_cتاليف فراس حمزة بامية
250 _aط.1
260 _aعمان :
_bمكتبة المجتمع العربى للنشر والتوزيع،
_c2008
300 _a137 ص. ؛
_c24 سم.
650 0 7 _2qrmak
_aالميكانيكا
651 _2qrmak
942 _2ddc
_cBK
999 _c67128
_d67128